000 00579nam a2200205 4500
001 138619
003 ES-MaACL
005 20230906195612.0
007 t|
008 070214s1957 sp r ||||1| spa d
100 1 _aSanta Marina, Luys.
_9103247
245 1 0 _aAlonso de Monroy /
_cLuys Santa Marina.
250 _a1ª ed.
260 _aBarcelona :
_bPlaneta,
_c1957.
300 _a254 p. ;
_c19 cm.
490 1 _aAutores españoles contemporáneos
830 0 _aAutores españoles contemporáneos
_9180811
852 _aES-MaACL
_jC-12273
_bR.40431
999 _c138619
_d138619